LIBRARY & INFORMATION CENTRE, KCAET, TAVANUR

ONLINE PUBLIC ACCESS CATALOGUE (OPAC)

Development of a self propelled pre - germinated paddy seeder (Record no. 15080)

MARC details
000 -LEADER
fixed length control field 00670nam a22001697a 4500
003 - CONTROL NUMBER IDENTIFIER
control field OSt
088 ## - REPORT NUMBER
Report number P 115
100 ## - MAIN ENTRY--AUTHOR NAME
Personal name BRIJESH KUMAR R
-- GANGA NIMMY JOSE CHERIPURAM
245 ## - TITLE STATEMENT
Title Development of a self propelled pre - germinated paddy seeder
260 ## - PUBLICATION, DISTRIBUTION, ETC. (IMPRINT)
Place of publication Tavanur 2001
Name of publisher Kelappaji College of Agricultural Engineering and Technology
300 ## - PHYSICAL DESCRIPTION
Number of Pages 36
500 ## - GENERAL NOTE
General note Development of a self propelled pre - germinated paddy seeder
520 ## - SUMMARY, ETC.
Summary, etc to study the metering characteristics of drums for pre-germinated seeds and to conduct field testing of self-propelled paddy seeder.
700 ## - ADDED ENTRY--PERSONAL NAME
Personal name Er. Manoj Mathew (Guide)
942 ## - ADDED ENTRY ELEMENTS (KOHA)
Koha item type Project Report
Holdings
Collection code Home library Current library Shelving location Full call number Accession Number Koha item type
Reference KAUAET KAUAET Reference 631.3 BRI/DE P 115 Project Report
free website counter